Т. 1: Текст и таблицы; Особенности сжигания углей Канско-Ачинского бассейна в топках энергетических котельных агрегатов большой паропроизводительности\

Dades bibliogràfiques
Parent link:Особенности сжигания углей Канско-Ачинского бассейна в топках энергетических котельных агрегатов большой паропроизводительности\: диссертация на соискание ученой степени доктора технических наук/ И. К. Лебедев; Томский политехнический институт (ТПИ). Т. 1: Текст и таблицы.— : [Б. и.], 1968
Idioma:rus
Publicat: 1968
Matèries:
Format: MixedMaterials Llibre
KOHA link:https://koha.lib.tpu.ru/cgi-bin/koha/opac-detail.pl?biblionumber=138315

MARC

LEADER 00000nbm2a2200000 4500
001 138315
005 20231031141417.0
035 |a (RuTPU)RU\TPU\book\149876 
035 |a RU\TPU\book\149870 
090 |a 138315 
100 |a 20080523d1968 k y0rusy50 ca 
101 0 |a rus 
102 |a RU 
105 |a a m 001zy 
200 0 |a Т. 1: Текст и таблицы 
210 |d 1968 
215 |a 377 л.  |c ил. 
461 1 |0 (RuTPU)RU\TPU\book\211868  |t Особенности сжигания углей Канско-Ачинского бассейна в топках энергетических котельных агрегатов большой паропроизводительности\  |o диссертация на соискание ученой степени доктора технических наук  |o в 2 т.  |f И. К. Лебедев  |g Томский политехнический институт (ТПИ)  |v Т. 1: Текст и таблицы  |n [Б. и.]  |d 1968 
610 1 |a Канско-Ачинский угольный бассейн 
610 1 |a котельные агрегаты 
610 1 |a сжигание в топках 
610 1 |a паропроизводительность 
610 1 |a уголь 
610 1 |a конвективные поверхности 
610 1 |a нагрев 
610 1 |a диссертации 
610 1 |a связанные отложения 
610 1 |a жидкий шлак 
610 1 |a шлакоудаление 
610 1 |a текст 
610 1 |a рисунки 
610 1 |a труды учёных ТПУ 
675 |a 621.182-693(04)  |v 3 
801 1 |a RU  |b 63413507  |c 20080523  |g PSBO 
801 2 |a RU  |b 63413507  |c 20110629  |g PSBO 
942 |c BK